Statistical physics. (Record no. 20901)

MARC details
000 -LEADER
fixed length control field 01561nam a22003735i 4500
001 - CONTROL NUMBER
control field 10817971
003 - CONTROL NUMBER IDENTIFIER
control field EG-ScBUE
005 - DATE AND TIME OF LATEST TRANSACTION
control field 20250528113343.0
008 - FIXED-LENGTH DATA ELEMENTS--GENERAL INFORMATION
fixed length control field 980115r20021980enka f b 001 0 eng d
020 ## - INTERNATIONAL STANDARD BOOK NUMBER
International Standard Book Number 0750626364
020 ## - INTERNATIONAL STANDARD BOOK NUMBER
International Standard Book Number 9780750626361
040 ## - CATALOGING SOURCE
Original cataloging agency EG-ScBUE
Language of cataloging eng
Description conventions rda
Modifying agency EG-ScBUE
Transcribing agency EG-ScBUE
041 1# - LANGUAGE CODE
Language code of text/sound track or separate title eng
Language code of original and/or intermediate translations of text rus
082 04 - DEWEY DECIMAL CLASSIFICATION NUMBER
Classification number 530.13
Item number LIF
Edition number 22
100 1# - MAIN ENTRY--PERSONAL NAME
Personal name Lifshit︠s︡, E. M.
Fuller form of name (Evgeniĭ Mikhaĭlovich),
9 (RLIN) 38483
Relator term author.
240 10 - UNIFORM TITLE
Uniform title <a href="Statisticheskai︠a︡ fizika.">Statisticheskai︠a︡ fizika.</a>
Language of a work English
245 10 - TITLE STATEMENT
Title Statistical physics.
Number of part/section of a work part 2,
Name of part/section of a work Theory of the condensed state /
Statement of responsibility, etc E. M. Lifshitz and L. P. Pitaevskiĭ, Institute of Physical Problems, U.S.S.R. Academy of Science ; translated from the Russian by J. B. Sykes and M. J. Kearsley.
246 30 - VARYING FORM OF TITLE
Title proper/short title Theory of the condensed state
250 ## - EDITION STATEMENT
Edition statement Reprinted edition.
264 #1 - PUBLICATION, DISTRIBUTION, ETC. (IMPRINT)
Place of publication, distribution, etc Oxford :
Name of publisher, distributor, etc Butterworth-Heinemann,
Date of publication, distribution, etc 2002.
300 ## - PHYSICAL DESCRIPTION
Extent x, 387 pages :
Other physical details illustrations ;
Dimensions 24 cm.
336 ## - CONTENT TYPE
Source rdacontent
Content type term text
Content type code txt
337 ## - MEDIA TYPE
Media type term unmediated
Source rdamedia
Media type code n
338 ## - CARRIER TYPE
Carrier type term volume
Carrier type code nc
Source rdacarrier
490 0# - SERIES STATEMENT
Series statement Course of theoretical physics ;
Volume number/sequential designation volume 9
504 ## - BIBLIOGRAPHY, ETC. NOTE
Bibliography, etc Includes bibliographical references and index.<br/>
546 ## - LANGUAGE NOTE
Language note Text in English ; translated from the original Russian language.<br/>
650 #7 - SUBJECT ADDED ENTRY--TOPICAL TERM
Topical term or geographic name as entry element Statistical physics.
Source of heading or term BUEsh
700 12 - ADDED ENTRY--PERSONAL NAME
Personal name Lifshit︠s︡, E. M.
Fuller form of name (Evgeniĭ Mikhaĭlovich).
Title of a work Statisticheskai︠a︡ fizika
700 1# - ADDED ENTRY--PERSONAL NAME
Personal name Pitaevskiĭ, L. P.
Fuller form of name (Lev Petrovich),
Relator term author.
700 1# - ADDED ENTRY--PERSONAL NAME
Personal name Sykes, J. B.,
Relator term translator.
700 1# - ADDED ENTRY--PERSONAL NAME
Personal name Kearsley, M. J.,
Relator term translator.
942 ## - ADDED ENTRY ELEMENTS (KOHA)
Source of classification or shelving scheme Dewey Decimal Classification
Koha item type Book - Borrowing
Holdings
Withdrawn status Lost status Source of classification or shelving scheme Damaged status Not for loan Collection code Home library Current library Shelving location Date acquired Source of acquisition Cost, normal purchase price Serial Enumeration / chronology Total Checkouts Full call number Barcode Date last seen Cost, replacement price Koha item type
    Dewey Decimal Classification     Baccah Central Library Central Library First floor 13/10/2015 Purchase 360.00 22696   530.13 LIF 000039896 15/07/2025 450.00 Book - Borrowing